Missing Word: 'H' Literature Quiz Stats

 Plays Quiz Updated Sep 17, 2012

Support Sporcle.
Go Orange.
Score 0/20 Timer 04:00
0 Plays Today
Title 'H' Word % Correct
_____ Potter and the Prisoner of AzkabanHarry
98.8%
The Adventures of _____ FinnHuckleberry
96.3%
_____ PocusHocus
95.9%
_____ the Grinch Stole ChristmasHow
95.4%
One _____ Years of SolitudeHundred
95.1%
Wuthering _____Heights
94.6%
The _____ Guide to the GalaxyHitchhiker's
90.4%
Black _____ DownHawk
90.1%
The _____ of the BaskervillesHound
89.2%
The Ground Beneath _____ FeetHer
80.3%
Title 'H' Word % Correct
The Five People You Meet in _____Heaven
80.2%
_____ of DarknessHeart
73.2%
Calvin and _____Hobbes
70.5%
Bleak _____House
65.7%
The Tragedy of _____, Prince of DenmarkHamlet
62.9%
A Treatise of _____ NatureHuman
60.6%
A People's _____ of the United StatesHistory
47.6%
The Heart is a Lonely _____Hunter
43.9%
The _____ TaleHandmaid's
39.9%
Master _____...and the BoysHarold
17.6%

Today's Daily Dose

Word Ladder
ING Words

Get the Picture
Nearest Volcano

From the Vault

3 Books, 1 Common Word

by MSUKent

Are you sure they don't have more than 1 word in common? As far as we know, there are plenty of words in a book.
Remove Ads.
Support Sporcle.
Get the best of Sporcle when you Go Orange. This ad-free experience offers more features, more stats, and more fun while also helping to support Sporcle. Thank you for becoming a member.

Show Comments

Extras

Top Quizzes Today


Score Distribution

Your Account Isn't Verified!

In order to create a playlist on Sporcle, you need to verify the email address you used during registration. Go to your Sporcle Settings to finish the process.

Report this User

Report this user for behavior that violates our Community Guidelines.

Details: